Представление документа в формате MARC21

ПолеНазваниеЗначение
  Тип записи a
  Библиографический уровень m
001 Контрольный номер RU\infra-m\znanium\bibl\2232540
005 Дата корректировки 20260429142317.1
008 Кодируемые данные 251205s2025 RU g rus u
020 Индекс ISBN __
a ISBN 978-5-16-021618-8
020 Индекс ISBN __
a ISBN 978-5-16-106291-3 (электр. издание)
040 Источник каталогиз. __
a Служба первич. каталог. Общество с ограниченной ответственностью «ЗНАНИУМ»
041 Код языка издания __
a Код языка текста rus
044 Код страны публикации __
a Код страны публикации RU
080 Индекс УДК __
a Индекс УДК 376(075.8)
084 Индекс другой классификации/Индекс ББК __
2 Источник индекса rubbk
a Индекс другой классификации/Индекс ББК 74.3я73
084 Индекс другой классификации/Индекс ББК __
2 Источник индекса okso
a Индекс другой классификации/Индекс ББК 37.03.01
084 Индекс другой классификации/Индекс ББК __
2 Источник индекса okso
a Индекс другой классификации/Индекс ББК 44.03.03
084 Индекс другой классификации/Индекс ББК __
2 Источник индекса okso
a Индекс другой классификации/Индекс ББК 44.04.02
084 Индекс другой классификации/Индекс ББК __
2 Источник индекса okso
a Индекс другой классификации/Индекс ББК 44.04.03
100 Автор __
a Автор Логинова Е.А.
q Полное имя Логинова Елена Александровна
u Дополнение Ленинградский государственный университет им. А.С. Пушкина
245 Заглавие __
a Заглавие Нарушения письменной речи у младших школьников
b Продолж. заглавия Учебно-методическая литература
c Ответственность Ленинградский государственный университет им. А.С. Пушкина
250 Сведения об издании __
a Основные сведения об издании 1
260 Выходные данные __
a Место издания Москва
b Издательство ООО "Научно-издательский центр ИНФРА-М"
c Дата издания 2026
300 Физическое описание __
a Объем 192 с.
440 Серия __
a Серия Высшее образование
520 Аннотация __
a Аннотация Учебно-методическое пособие содержит план проведения занятий по разделу «Нарушения письменной речи» дисциплины «Логопедия». Способствует организации самостоятельной работы студентов по усвоению теоретических знаний и практических умений и навыков по дисциплинам «Практикум по нарушениям письма» и «Практикум по дисграфии». Рекомендуется для использования в качестве дополнительного пособия для магистров направления подготовки 44.04.03 «Специальное (дефектологическое) образование» (магистратура) осваивающих дисциплины «Актуальные проблемы современной логопедии» «Актуальные проблемы профилактики и коррекции нарушений письменной речи» будет полезно логопедам психологам дефектологам педагогам слушателям курсов повышения квалификации педагогических работников.
521 Примеч. о цел. назн. __
a Примеч. о целев. назн. ВО - Бакалавриат
650 Тематические рубрики __
a Основная рубрика Педагогика. Образование
x Основная подрубрика Логопедия
655 Указ. предметных рубрик (устаревшее) __
a Жанр/ форма (устаревшее) Учебно-методическая литература
700 Другие авторы __
a Другие авторы Елецкая О.В.
q Полное имя Елецкая Ольга Вячеславовна
u Дополнение Ленинградский государственный университет им. А.С. Пушкина
856 Электронный адрес документа 4_
a Имя сервера/домена znanium.ru
m Помощь ebs_support@infra-m.ru
n Местонахождение сервера НИЦ ИНФРА-М
u URL https://znanium.ru/catalog/document?id=473389
856 Электронный адрес документа 48
a Имя сервера/домена znanium.ru
d Путь /cover/2232
f Электронное имя 2232540.jpg
q Тип электронного формата image/jpeg
u URL https://znanium.ru/cover/2232/2232540.jpg
911 __
u 0030=https://znanium.ru/catalog/document?id=473389